|
|
|
|
| LEADER |
00643nab a2200169 i 4500 |
| 001 |
misc5506 |
| 005 |
20191106142632.0 |
| 008 |
170607s1930 hu o 0|| hun d |
| 040 |
|
|
|a SZTE Miscellanea Repozitórium
|b hun
|
| 041 |
|
|
|a hun
|
| 100 |
1 |
|
|a Fonyó György
|
| 245 |
1 |
0 |
|a Megjegyzések az új biztosítási kódex tervezetéhez
|h [elektronikus dokumentum] /
|c Fonyó György
|
| 260 |
|
|
|c 1930
|
| 300 |
|
|
|a 132-134a
|
| 490 |
0 |
|
|a Polgári jog : a hazai és külföldi magánjog és hiteljog szemléje
|v 6
|
| 695 |
|
|
|a Biztosítás jogi szabályozás 1930
|
| 856 |
4 |
0 |
|u http://misc.bibl.u-szeged.hu/5506/1/polgari_jog_1930_132-134a.pdf
|z Dokumentum-elérés
|